| 000 | 00810cab a2200241 4500 | ||
|---|---|---|---|
| 001 | WB3411-30 | ||
| 008 | 090401t1998 xxu||||| |||| 00| 0 eng d | ||
| 035 | _a(Sirsi) u85011 | ||
| 041 | _aeng | ||
| 245 | _aProperty yields | ||
| 260 | _c1998 | ||
| 350 | _a0 | ||
| 490 |
_aProperty Week _v62(9) 13 March 1998, 14(1) |
||
| 520 | _aA survey of investment managers reveals predictions that property yields will remain higher than gilt yields for the next five years. Property yields are currently higher than gilts for only the second time in 20 years. Table. | ||
| 650 | _aFORECASTS | ||
| 650 | _aGILT YIELDS | ||
| 650 | _aPROPERTY INVESTMENT | ||
| 650 | _aPROPERTY RETURNS | ||
| 650 | _aPROPERTY YIELDS | ||
| 690 | _aPROPERTY-PROPERTY FINANCE AND INVESTMENT | ||
| 942 | _n0 | ||
| 948 | _c18/03/1998 | ||
| 999 |
_c53437 _d53437 |
||